Classement final de l’Eurovision 2024 - Statistiques

Statistiques générales
  • Ce quiz a été pris 635 fois
  • Le résultat moyen est 21 sur 25
Statistiques - réponses
`Place Nb de points Pays % Correct
4 445 France
100%
1 591 Suisse
98%
7 268 Italie
92%
2 547 Croatie
91%
22 30 Espagne
91%
9 174 Suède
91%
3 453 Ukraine
91%
5 375 Israël
90%
18 46 Royaume-Uni
90%
25 16 Norvège
89%
10 152 Portugal
89%
12 117 Allemagne
88%
6 278 Irlande
87%
19 38 Finlande
86%
11 126 Grèce
86%
20 37 Estonie
82%
16 64 Lettonie
81%
14 90 Lituanie
81%
24 24 Autriche
79%
13 103 Luxembourg
78%
23 27 Slovénie
72%
17 57 Serbie
71%
8 183 Arménie
70%
15 78 Chypre
68%
21 34 Géorgie
62%
Aucun quiz correspondant
Distribution des résultats
% des personnes avec chaque résultat
Percentile par nombre de réponses
Votre historique - résultats
Vous n’avez pas pris ce quiz